Mikropoistenie
Príspevok sa venuje definícii mikropoistenia, distribučným kanálom pri mikropoistení a aký je jeho potenciál, čo sa týka ekonomického vyjadrenia. Zároveň načrtáva jeho možný vývoj v budúcnosti.
Enregistré dans:
| Auteur principal: | |
|---|---|
| Format: | Chapitre de livre |
| Langue: | slovaque |
| Sujets: | |
| Tags: |
Pas de tags, Soyez le premier à ajouter un tag!
|
MARC
| LEADER | 00000nla$a2200000$$$4500 | ||
|---|---|---|---|
| 001 | 0136883 | ||
| 005 | 20240502072531.6 | ||
| 041 | 0 | |a slo | |
| 044 | |a SK | ||
| 245 | 1 | 0 | |a Mikropoistenie |c Peter Baláž |
| 520 | |a Príspevok sa venuje definícii mikropoistenia, distribučným kanálom pri mikropoistení a aký je jeho potenciál, čo sa týka ekonomického vyjadrenia. Zároveň načrtáva jeho možný vývoj v budúcnosti. | ||
| 610 | 2 | 0 | |a poistenie |
| 610 | 2 | 0 | |a chudobní |
| 610 | 2 | 0 | |a kanály distribučné |
| 100 | 1 | |a Baláž, Peter | |